000 01334cam a22003978i 4500
001 19726173
003 CO-MdFUSB
005 20211112120318.0
008 170619t2017 us g d 000 0 eng
010 _a 2017027228
020 _a9780801039461 (cloth : alk. paper)
040 _aDLC
_bspa
_cCO-MdFUSB
_erda
_dCO-MdFUSB
041 _aeng
042 _apcc
082 0 0 _224
_aR 230.03
_bEV92e
245 0 0 _aEvangelical dictionary of theology
_c/ editado por Daniel J. Treier, Walter A. Elwell.
250 _aThird edition.
263 _a1111
264 1 _aGrand Rapids, MI :
_bBaker Academic, a division of Baker Publishing Group,
_c[2017]
264 4 _c© 2017
300 _a972 páginas ;
_c26 cm
336 _2rdacontent
_atexto
_btxt
337 _2rdamedia
_asin mediación
_bn
338 _2rdacarrier
_avolumen
_bnc
505 _aDiccionario evangélico de teología -- Entradas del diccionario A-Z
653 _aDiccionario
653 _aTeológico
700 1 _aTreier, Daniel J.,
_d1972-
_eeditor.
700 1 _aElwell, Walter A.,
_eeditor.
906 _a0
_bvip
_corignew
_d1
_eecip
_f20
_gy-gencatlg
942 _cREF
945 _aEstudiante
999 _c64419
_d64419